00934nam a2200325 a 4500003000900000005001700009008004100026020001800067040001300085100002900098245001900127250001200146260003200158300001100190490002400201500004600225500004300271500002600314504004200340650002600382650001100408650001200419650001300431653002500444653002300469655001500492700002600507700004200533800003300575AR-BaBNM20251128204741.0082120s2002 ||||||||||||||000 | spa|| a950-581-077-6 cAR-BaBNM1 aGarcía Lorca, Federico00aMariana Pineda a1ª ed. aBuenos AiresbColihuec1993 a153 p. 0aLeer y crearvv. 77 aContiene índice general de las materias aPropuestas de trabajo para los alumnos aBiografía del autor aBibliografía del autor y de la obra 4aLITERATURA ESPAÑOLA 4aTEATRO 4aMUJERES 4aHISTORIA aEDUCACION SECUNDARIA aGENERACION DE 1927 aLITERATURA1 aGonzález, Hortensia1 aDarchez de Carrasco, María Virginia1 aPetruzzi, Herminiaedirector